000 00664nam a2200193Ia 4500
008 151121s9999||||xx |||||||||||||| ||und||
082 _a814/भावे
082 _bHNW-64803
100 _aभावे पु।भा।
245 _aनरभक्षकाची पावले
260 _b"कुलस्वामिनी प्रकाशन, डोंबिवली"
260 _c--
300 _a138
600 _aभावे पु।भा।
630 _aनरभक्षकाची पावले
700 _aभावे पु।भा।
730 _aनरभक्षकाची पावले
942 _cBOOK
999 _c1246329
_d1246326